000 01495nam0a2200373 4500
001 RU\NLR\BIBL_A\022664053
005 20260203130559.0
010 _a978-5-222-36666-0
_93000
021 _aRU
_bКН-П-25-058647
_9КН-П-25-5651
035 _a(NLR Aleph) 022664053
090 _a13543840
_c13543840
100 _a20251112d2026 u y0rusy50 ca
101 1 _arus
_ceng
102 _aRU
105 _aa z 000ay
181 0 _ai3
_baxxe
182 0 _an
200 1 _aСпасение пингвинов Поппера
_fЭлиот Шрефер
_gперевела с английского А. Парфенова
_gиллюстрации Джима Мэдсена
203 _aТекст
_bвизуальный
_cнепосредственный
210 _aРостов-на-Дону
_cФеникс
_d2026
215 _a141, [2] с.
_cил.
_d22
225 1 _aЛюбимые мультфильмы
311 _aПродолж. дет. бестселлера "Пингвины мистера Поппера"
333 _a6+
488 0 _12001#$aПингвины мистера Поппера
_tПингвины мистера Поппера
686 0 _aШ9(7США)60-4
700 1 _7ca
_8rus
_aШрефер
_bЭ.
_f1978-
_gЭлиот
_9163281
_3RU\NLR\AUTH\770163325
702 1 _aМэдсен
_bД.
_gДжим
_4440
942 _cBOOK
980 _aNB